Normal view
MARC view
Entry Topical Term
001 - CONTROL NUMBER
- control field: 2741
003 - CONTROL NUMBER IDENTIFIER
- control field: BD-RjUL
005 - DATE AND TIME OF LATEST TRANSACTION
- control field: 20220424125753.0
008 - FIXED-LENGTH DATA ELEMENTS
- fixed length control field: 220424|| aca||aabn | a|a d
040 ## - CATALOGING SOURCE
- Original cataloging agency: BD-RjUL
- Transcribing agency: BD-RjUL
150 ## - HEADING--TOPICAL TERM
- Topical term or geographic name entry element: Crusades
670 ## - SOURCE DATA FOUND
- Source citation: Work cat.: (BD-RjUL)79753: المطوى، محمد العروسى،[Al-Matawi, Mohamed Al-Arousi], 1920- 2740, الحروب الصليبية في المشرق والمغرب /[alhurub alsalibiat fi almashriq walmaghrib] /, 1954.